The Simpsons: See My Vest Quiz Stats

 Plays Quiz Updated Dec 11, 2018

Support Sporcle.
Go Orange.
Score 0/11 Timer 03:00
0 Plays Today
animal % Correct
gorilla
76.3%
cat
70.1%
grizzly bear
59.5%
gopher
51.5%
turtle
51.4%
poodle
50.8%
greyhound
47.1%
albino African endangered rhino
45.5%
vampire bat
42.5%
Irish setter
38.3%
robin
37.2%

From the Vault

17 Ways Not to Spell 'Slot'

by manonthemoon

Language 90s
Just pull the lever and see what words you come up with.
Remove Ads.
Support Sporcle.
Get the best of Sporcle when you Go Orange. This ad-free experience offers more features, more stats, and more fun while also helping to support Sporcle. Thank you for becoming a member.

Show Comments

Extras

Top Quizzes Today


Score Distribution

Your Account Isn't Verified!

In order to create a playlist on Sporcle, you need to verify the email address you used during registration. Go to your Sporcle Settings to finish the process.

Report this User

Report this user for behavior that violates our Community Guidelines.

Details: